[Event "Buenos Aires Masters op"]
[Site "Buenos Aires"]
[Date "2024.06.22"]
[Round "8"]
[White "Suasnabar, Jesus"]
[Black "Carrizo, Franco Nicolas"]
[Result "1-0"]
[WhiteElo "2036"]
[BlackElo "1893"]
[PlyCount "100"]
[EventDate "2024.06.17"]
[EventType "swiss"]
[EventRounds "9"]
[EventCountry "ARG"]
[SourceTitle "EXT 2025"]
[Source "ChessBase"]
[SourceDate "2024.10.14"]
[SourceVersion "1"]
[SourceVersionDate "2024.10.14"]
[SourceQuality "1"]

1. d4 Nf6 2. Nf3 c5 3. c4 cxd4 4. Nxd4 g6 5. Nc3 b6 6. e4 d6 7. Be2 Bg7 8. Bf3 Bb7 9. e5 Bxf3 10. Qxf3 dxe5 11. Ne6 fxe6 12. Qxa8 0-0 13. Bg5 Qc7 14. Qf3 Qxc4 15. Qe2 Qc5 16. Qb5 Qc7 17. Rc1 Qb7 18. 0-0 Nbd7 19. Qc4 Kf7 20. b4 e4 21. Nb5 Ne5 22. Qb3 Nd5 23. Qh3 Qd7 24. a4 a6 25. Nc3 Nxc3 26. Rxc3 Nf3+ 27. Rxf3+ exf3 28. Qxf3+ Kg8 29. Qe2 Rf5 30. Rd1 Bd4 31. Be3 e5 32. Qxa6 Rf6 33. Qc4+ Kg7 34. Bxd4 exd4 35. Qxd4 Qxa4 36. h3 Qc6 37. Qd8 Qe4 38. Qd4 Qf5 39. Rd2 g5 40. Re2 Kf7 41. Re5 Qc8 42. Qd5+ e6 43. Qd2 h6 44. Re4 Qc6 45. Rd4 e5 46. Rd8 Ke7 47. Rh8 Qd6 48. Rh7+ Kd8 49. Qa2 Qc6 50. Qg8+ Qe8 1-0

[Event "Buenos Aires Masters op"]
[Site "Buenos Aires"]
[Date "2024.06.20"]
[Round "5"]
[White "Carrizo, Franco Nicolas"]
[Black "Toller, Bautista"]
[Result "1/2-1/2"]
[WhiteElo "1893"]
[BlackElo "1734"]
[PlyCount "91"]
[EventDate "2024.06.17"]
[EventType "swiss"]
[EventRounds "9"]
[EventCountry "ARG"]
[SourceTitle "CBM 220 Extra"]
[Source "ChessBase"]
[SourceDate "2024.07.31"]
[SourceVersion "1"]
[SourceVersionDate "2024.07.31"]
[SourceQuality "1"]

1. c4 e6 2. e3 d5 3. Nf3 Nf6 4. Nc3 Be7 5. b3 b6 6. Bb2 Bb7 7. Be2 c5 8. d4 Nc6 9. dxc5 Bxc5 10. cxd5 Nxd5 11. Nxd5 Qxd5 12. Qxd5 exd5 13. 0-0 0-0 14. Rfd1 Rad8 15. Rac1 Rd6 16. a3 a5 17. Nd4 g6 18. Nb5 Rd7 19. Bf3 Rfd8 20. Nd4 Nxd4 21. Bxd4 Bxa3 22. Bxb6 Bxc1 23. Bxd8 Bxe3 24. Bxa5 Ba7 25. Be2 Re7 26. Kf1 d4 27. Bc4 Re5 28. Bc7 Re7 29. Bd8 Rd7 30. Bf6 Rd6 31. Be5 Rd8 32. f3 Bd5 33. Ra1 Bxc4+ 34. bxc4 d3 35. Rd1 Bc5 36. Bc3 f5 37. Bf6 Rd7 38. Rb1 Kf7 39. Bc3 Bd4 40. Bd2 Ra7 41. Rc1 Ra1 42. Rxa1 Bxa1 43. Bb4 Bd4 44. Ke1 Be3 45. Bd2 Bd4 46. Bb4 1/2-1/2

[Event "Buenos Aires Masters op"]
[Site "Buenos Aires"]
[Date "2024.06.18"]
[Round "3"]
[White "Carrizo, Franco Nicolas"]
[Black "Alvarez, Mia Morena"]
[Result "1-0"]
[WhiteElo "1893"]
[BlackElo "1700"]
[PlyCount "195"]
[EventDate "2024.06.17"]
[EventType "swiss"]
[EventRounds "9"]
[EventCountry "ARG"]
[SourceTitle "CBM 220 Extra"]
[Source "ChessBase"]
[SourceDate "2024.07.31"]
[SourceVersion "1"]
[SourceVersionDate "2024.07.31"]
[SourceQuality "1"]

1. e4 c5 2. Nf3 d6 3. d4 cxd4 4. Nxd4 Nf6 5. Nc3 a6 6. Be2 e5 7. Nf3 Be7 8. 0-0 0-0 9. Ne1 Nbd7 10. Be3 b5 11. a3 Bb7 12. f3 Nb6 13. Nd3 Nc4 14. Bf2 Rc8 15. Qe1 Qc7 16. Nd1 d5 17. exd5 Nxd5 18. c3 Bg5 19. f4 Nxf4 20. Nxf4 Bxf4 21. Bg3 Be3+ 22. Kh1 Bb6 23. Bf3 Rfe8 24. b3 Bxf3 25. Rxf3 Na5 26. Rb1 Qe7 27. Bf2 Bc7 28. Ne3 Qe6 29. Qd1 Rcd8 30. Qc2 e4 31. Rh3 Nb7 32. c4 bxc4 33. bxc4 Nc5 34. Nd5 Bd6 35. Bxc5 Bxc5 36. Nc7 Qe7 37. Nxe8 Rxe8 38. Re1 h6 39. Rg3 Qf6 40. Rb3 e3 41. Rbb1 Bxa3 42. Qa4 Qe7 43. Rb7 Qf8 44. Qxa6 Bb4 45. Re2 Rd8 46. g3 Bd2 47. Qb6 Qe8 48. Kg1 Bc3 49. Qb1 Qe5 50. Qf1 Rf8 51. Rb5 Qe4 52. Qf4 Qd3 53. Qg4 f5 54. Qf3 Kh8 55. Rb7 Qxc4 56. Kg2 Bd2 57. Re7 Qc5 58. Re6 Qc4 59. Rd6 Qb5 60. Rg6 Qe8 61. Qh5 Qe4+ 62. Qf3 Qe8 63. Rd6 Qf7 64. Rd5 f4 65. g4 Qf6 66. Rf5 Qd8 67. Qxf4 Rxf5 68. Qxf5 Qa8+ 69. Qf3 Qc8 70. h3 Qd8 71. Kg3 Qd6+ 72. Qf4 Qe7 73. Kf3 Qb7+ 74. Qe4 Qf7+ 75. Kg2 Qf8 76. Qf5 Qa8+ 77. Kg3 Qb8+ 78. Qf4 Qd8 79. h4 Qe8 80. g5 Qg6 81. Kg4 h5+ 82. Kg3 Qe8 83. Qf5 Qb8+ 84. Kh3 Qb4 85. g6 Qg4+ 86. Qxg4 hxg4+ 87. Kxg4 Kg8 88. Kf5 Kf8 89. h5 Ke7 90. Kg5 Kf8 91. h6 gxh6+ 92. Kxh6 Kg8 93. g7 Bc3 94. Rg2 e2 95. Rxe2 Bxg7+ 96. Kg6 Kf8 97. Rf2+ Kg8 98. Rc2 1-0

[Event "Villa Ballester op 73rd"]
[Site "Buenos Aires"]
[Date "2024.01.20"]
[Round "2"]
[White "Paternoste, Martin"]
[Black "Carrizo, Franco Nicolas"]
[Result "1-0"]
[WhiteElo "2080"]
[BlackElo "1832"]
[PlyCount "85"]
[EventDate "2024.01.19"]
[EventType "swiss"]
[EventRounds "9"]
[EventCountry "ARG"]
[SourceTitle "CBM 218 Extra"]
[Source "ChessBase"]
[SourceDate "2024.03.31"]
[SourceVersion "1"]
[SourceVersionDate "2024.03.31"]
[SourceQuality "1"]

1. d4 Nf6 2. c4 g6 3. Nc3 d5 4. cxd5 Nxd5 5. e4 Nb6 6. Nf3 Bg7 7. Be3 0-0 8. Be2 Bg4 9. 0-0 Bxf3 10. Bxf3 Nc4 11. Qb3 Na5 12. Qa4 Nac6 13. Rfd1 Nd7 14. e5 Nb6 15. Qb5 a6 16. Qe2 Qe8 17. Rac1 e6 18. Bg5 h6 19. Bf4 Rb8 20. h4 Ne7 21. g4 c6 22. h5 Ned5 23. Bg3 Rd8 24. Ne4 Qe7 25. Nd6 g5 26. Qe4 f5 27. gxf5 exf5 28. Nxf5 Qf7 29. Bg4 Rfe8 30. Rd3 Nf6 31. Qf3 Nxg4 32. Qxg4 Qxa2 33. b3 Qa3 34. Rf1 Rd7 35. e6 Rd5 36. Nxg7 Kxg7 37. Be5+ Rxe5 38. dxe5 Qc5 39. Qf5 Qe7 40. Qg6+ Kh8 41. Qxh6+ Qh7 42. Qf6+ Qg7 43. Rd8 1-0

[Event "Moron Perez Cup U2200 sf"]
[Site "Moron"]
[Date "2019.08.03"]
[Round "5.2"]
[White "Conde, Adrian"]
[Black "Carrizo, Franco Nicolas"]
[Result "1-0"]
[WhiteElo "2078"]
[BlackElo "1866"]
[PlyCount "39"]
[EventDate "2019.07.29"]
[EventType "swiss"]
[EventRounds "6"]
[EventCountry "ARG"]
[SourceTitle "EXT 2024"]
[Source "ChessBase"]
[SourceDate "2023.10.10"]
[SourceVersion "1"]
[SourceVersionDate "2023.10.10"]
[SourceQuality "1"]

1. e4 c6 2. d4 d5 3. exd5 Qxd5 4. Nc3 Qa5 5. Bd2 Qb6 6. Nf3 Bg4 7. Bc4 Nf6 8. Bxf7+ Kxf7 9. Ne5+ Kg8 10. Nxg4 Qxd4 11. h3 h5 12. Qe2 Rh7 13. Qe6+ Kh8 14. Ne5 g6 15. 0-0-0 Qb6 16. Bg5 Na6 17. Bxf6+ exf6 18. Qxf6+ Kg8 19. Qe6+ Kh8 20. Nxg6+ 1-0

[Event "Moron Philidor CC op 17th"]
[Site "Moron"]
[Date "2018.09.11"]
[Round "3"]
[White "Carrizo, Franco Nicolas"]
[Black "Ruiz Diaz, Alfredo"]
[Result "1-0"]
[WhiteElo "1828"]
[BlackElo "1699"]
[PlyCount "87"]
[EventDate "2018.09.04"]
[EventType "swiss"]
[EventRounds "6"]
[EventCountry "ARG"]
[SourceTitle "CBM 186 Extra"]
[Source "ChessBase"]
[SourceDate "2018.08.24"]
[SourceVersion "1"]
[SourceVersionDate "2018.08.24"]
[SourceQuality "1"]

1. c4 e6 2. Nf3 d5 3. e3 c6 4. b3 Nf6 5. Bb2 Nbd7 6. Be2 Bd6 7. 0-0 Qc7 8. cxd5 exd5 9. Nc3 0-0 10. Rc1 Qd8 11. Bd3 Ne5 12. Nxe5 Bxe5 13. f4 Bc7 14. Ne2 Ne4 15. Bb1 Qh4 16. d3 Nd6 17. Nd4 Re8 18. Qd2 Nf5 19. Rf3 Bd7 20. Rh3 Qe7 21. Nxf5 Bxf5 22. Rg3 g6 23. Bd4 Qd7 24. Re1 b6 25. e4 dxe4 26. dxe4 Bxf4 27. Qxf4 Qxd4+ 28. Kf1 Be6 29. h4 h5 30. Qg5 Bg4 31. e5 Re6 32. Rd3 Qc5 33. Rd7 a5 34. Bd3 b5 35. Qf4 Qf8 36. Qd4 Ree8 37. Rc7 Rad8 38. Qc3 b4 39. Qc2 Qg7 40. Bc4 Be6 41. Rxc6 Bxc4+ 42. Qxc4 Rxe5 43. Rxe5 Qxe5 44. Rxg6+ 1-0

[Event "Buenos Aires U2200 op"]
[Site "Buenos Aires"]
[Date "2018.08.04"]
[Round "3.3"]
[White "Carrizo, Franco Nicolas"]
[Black "Piceda, Bruno Ariel"]
[Result "1-0"]
[WhiteElo "1828"]
[BlackElo "1791"]
[PlyCount "95"]
[EventDate "2018.08.03"]
[EventType "swiss"]
[EventRounds "6"]
[EventCountry "ARG"]
[SourceTitle "EXT 2024"]
[Source "ChessBase"]
[SourceDate "2023.10.10"]
[SourceVersion "1"]
[SourceVersionDate "2023.10.10"]
[SourceQuality "1"]

1. c4 e5 2. Nc3 d6 3. g3 f5 4. e3 Nf6 5. Bg2 c6 6. Nge2 Be7 7. 0-0 0-0 8. a3 a5 9. d4 e4 10. d5 c5 11. f3 exf3 12. Bxf3 Nbd7 13. Bg2 Ne5 14. b3 Bd7 15. a4 Re8 16. Nf4 Bf8 17. Ne6 Bxe6 18. dxe6 Rxe6 19. Rxf5 Kh8 20. Nd5 g6 21. Rf1 Bg7 22. Ra2 Nc6 23. Raf2 Ne5 24. Bh3 Nxd5 25. Bxe6 Nc7 26. Bh3 d5 27. cxd5 Qxd5 28. Rd2 Qg8 29. Bb2 Re8 30. Bxe5 Rxe5 31. Rd7 Rd5 32. Qc2 Rxd7 33. Bxd7 b6 34. Bc6 Qe6 35. Qe4 Be5 36. Rd1 Qf6 37. Bd7 Qg5 38. Kg2 h5 39. Rf1 Kg7 40. Bf5 Bd6 41. Be6 Be5 42. Rf7+ Kh6 43. Rd7 Nxe6 44. Rd5 Qf6 45. Rxe5 Ng5 46. Qf4 Qd8 47. e4 c4 48. bxc4 1-0

[Event "Moron Amateur-ch"]
[Site "Moron"]
[Date "2018.07.21"]
[Round "4"]
[White "Carrizo, Franco Nicolas"]
[Black "Conti, Claudio"]
[Result "1-0"]
[WhiteElo "1822"]
[BlackElo "1572"]
[PlyCount "96"]
[EventDate "2018.07.17"]
[EventType "swiss"]
[EventRounds "7"]
[EventCountry "ARG"]
[SourceTitle "EXT 2019"]
[Source "ChessBase"]
[SourceDate "2018.10.10"]
[SourceVersion "1"]
[SourceVersionDate "2018.10.10"]
[SourceQuality "1"]

1. e4 e5 2. Nf3 Nc6 3. Bb5 a6 4. Ba4 b5 5. Bb3 Nf6 6. d3 Bc5 7. 0-0 d6 8. h3 0-0 9. c3 Ne7 10. d4 Bb6 11. Qe2 Ng6 12. Rd1 Qe7 13. Bc2 Nh5 14. g3 c5 15. Kg2 cxd4 16. cxd4 Bb7 17. Be3 Rac8 18. Bd3 Ba5 19. Ng5 Nf6 20. d5 Nd7 21. Nd2 Nc5 22. Bb1 h6 23. Ngf3 Rc7 24. a3 Bxd2 25. Nxd2 Qd7 26. f4 Na4 27. Nf3 Rfc8 28. f5 Ne7 29. f6 Ng6 30. fxg7 Kxg7 31. h4 Qg4 32. Qf2 Rg8 33. Rf1 Bc8 34. Ng1 Rf8 35. Qf6+ Kh7 36. b3 Nc3 37. Qf3 Qxf3+ 38. Rxf3 Nxb1 39. Rxb1 Rc2+ 40. Rf2 Rxf2+ 41. Bxf2 Bg4 42. Rc1 Rc8 43. Rxc8 Bxc8 44. Nf3 f5 45. Nd2 Ne7 46. Ba7 fxe4 47. Nxe4 Bb7 48. Nxd6 Bxd5+ 1-0

[Event "Moron Amateur-ch"]
[Site "Moron"]
[Date "2018.07.21"]
[Round "3"]
[White "Gonzalez, Domingo"]
[Black "Carrizo, Franco Nicolas"]
[Result "0-1"]
[WhiteElo "1761"]
[BlackElo "1822"]
[PlyCount "70"]
[EventDate "2018.07.17"]
[EventType "swiss"]
[EventRounds "7"]
[EventCountry "ARG"]
[SourceTitle "EXT 2019"]
[Source "ChessBase"]
[SourceDate "2018.10.10"]
[SourceVersion "1"]
[SourceVersionDate "2018.10.10"]
[SourceQuality "1"]

1. d4 d5 2. Nf3 c6 3. c4 Nf6 4. Nc3 g6 5. Bg5 Nbd7 6. e3 Qa5 7. Qd2 Bg7 8. Bd3 dxc4 9. Bxc4 0-0 10. 0-0 e5 11. Bxf6 Bxf6 12. Ne4 Qxd2 13. Nxf6+ Nxf6 14. Nxd2 exd4 15. exd4 Bf5 16. Rac1 Rad8 17. Nb3 Kg7 18. Nc5 b6 19. Nb3 Rfe8 20. Rfd1 Rd6 21. f3 h5 22. Kf2 a5 23. a4 Red8 24. Rd2 Bd7 25. Rcd1 Nd5 26. Nc1 b5 27. axb5 cxb5 28. Ba2 Nb4 29. Bb1 Be6 30. Be4 f5 31. Bb1 Bc4 32. b3 Bd5 33. Re1 Kf6 34. g3 Bf7 35. Red1 Rc8 0-1

[Event "Caba Legislatura Cup"]
[Site "Caba"]
[Date "2018.04.08"]
[Round "3"]
[White "Garcia, Raimundo"]
[Black "Carrizo, Franco Nicolas"]
[Result "1-0"]
[WhiteElo "2268"]
[BlackElo "1846"]
[PlyCount "69"]
[EventDate "2018.04.06"]
[EventType "swiss"]
[EventRounds "9"]
[EventCountry "ARG"]
[SourceTitle "CBM 184 Extra"]
[Source "ChessBase"]
[SourceDate "2018.06.28"]
[SourceVersion "1"]
[SourceVersionDate "2018.06.28"]
[SourceQuality "1"]

1. Nf3 d5 2. c4 e6 3. g3 Nf6 4. Bg2 c6 5. b3 Nbd7 6. Bb2 Bd6 7. 0-0 0-0 8. Nc3 e5 9. cxd5 cxd5 10. Nb5 Bb8 11. Ba3 Re8 12. Nd6 Bxd6 13. Bxd6 e4 14. Nd4 Nf8 15. Ba3 Ne6 16. Nxe6 Bxe6 17. Bb2 Nd7 18. d3 f5 19. Qd2 Nf6 20. Qb4 b6 21. Rac1 Qd7 22. Bxf6 gxf6 23. Qd4 Kf7 24. f3 Rad8 25. Rc3 exd3 26. Rxd3 Qb5 27. f4 Qc5 28. Rfd1 Qc2 29. Rc3 Qxe2 30. Bf3 Qb5 31. Rc7+ Kg6 32. Bh5+ Kxh5 33. Qxf6 h6 34. Rg7 Qc5+ 35. Kh1 1-0

[Event "Moron Faogba op"]
[Site "Moron"]
[Date "2018.03.10"]
[Round "5"]
[White "Carrizo, Franco Nicolas"]
[Black "Koch, Juan Enrique"]
[Result "0-1"]
[WhiteElo "1835"]
[BlackElo "1951"]
[PlyCount "34"]
[EventDate "2018.03.03"]
[EventType "swiss"]
[EventRounds "7"]
[EventCountry "ARG"]
[SourceTitle "CBM 183 Extra"]
[Source "ChessBase"]
[SourceDate "2018.04.19"]
[SourceVersion "1"]
[SourceVersionDate "2018.04.19"]
[SourceQuality "1"]

1. d4 Nf6 2. c4 g6 3. Nc3 Bg7 4. e4 0-0 5. e5 Ne8 6. f4 d6 7. Nf3 Bg4 8. Be2 dxe5 9. dxe5 Nc6 10. 0-0 f6 11. exf6 Nxf6 12. Ne5 Qxd1 13. Rxd1 Bxe2 14. Nxe2 Nxe5 15. fxe5 Ng4 16. e6 Be5 17. Rd5 Bxh2+ 0-1

[Event "Moron Faogba op"]
[Site "Moron"]
[Date "2018.03.03"]
[Round "1"]
[White "Granillo, Eloy Hernan"]
[Black "Carrizo, Franco Nicolas"]
[Result "0-1"]
[WhiteElo "1372"]
[BlackElo "1835"]
[PlyCount "100"]
[EventDate "2018.03.03"]
[EventType "swiss"]
[EventRounds "7"]
[EventCountry "ARG"]
[SourceTitle "CBM 183 Extra"]
[Source "ChessBase"]
[SourceDate "2018.04.19"]
[SourceVersion "1"]
[SourceVersionDate "2018.04.19"]
[SourceQuality "1"]

1. e4 c5 2. Nf3 d6 3. Nc3 Nc6 4. Bb5 Bd7 5. 0-0 e5 6. Nd5 Nf6 7. d3 a6 8. Bxc6 bxc6 9. Nc3 Be7 10. Bg5 0-0 11. h3 Be6 12. Qd2 Rb8 13. b3 Qc7 14. Bh4 h6 15. Bg3 Nd7 16. Bh4 f6 17. Bg3 d5 18. Nh4 d4 19. Ne2 Bd6 20. Ng6 Rf7 21. f4 f5 22. h4 Re8 23. h5 fxe4 24. dxe4 Bg4 25. fxe5 Rxf1+ 26. Rxf1 Nxe5 27. Nef4 Nxg6 28. hxg6 Rxe4 29. Re1 Qe7 30. Rxe4 Qxe4 31. Qd3 Qxd3 32. cxd3 Kf8 33. Kf2 Ke7 34. Ne2 Bf5 35. Bxd6+ Kxd6 36. Nf4 Ke5 37. Kf3 Kf6 38. g4 Bxg6 39. Nxg6 Kxg6 40. Kf4 Kf6 41. a3 a5 42. Kf3 Ke5 43. Kg3 g6 44. Kf3 h5 45. Kg3 Kf6 46. Kf4 g5+ 47. Kg3 h4+ 48. Kf3 Ke5 49. Kg2 Kf4 50. Kh3 Ke3 0-1

[Event "Villa Ballester op 68th"]
[Site "Villa Ballester"]
[Date "2018.01.19"]
[Round "1.9"]
[White "Mussanti, Diego"]
[Black "Carrizo, Franco Nicolas"]
[Result "1-0"]
[WhiteElo "2307"]
[BlackElo "1800"]
[PlyCount "90"]
[EventDate "2018.01.19"]
[EventType "swiss"]
[EventRounds "9"]
[EventCountry "ARG"]
[SourceTitle "EXT 2024"]
[Source "ChessBase"]
[SourceDate "2023.10.10"]
[SourceVersion "1"]
[SourceVersionDate "2023.10.10"]
[SourceQuality "1"]

1. e4 c5 2. Nf3 d6 3. d4 cxd4 4. Nxd4 Nf6 5. Nc3 a6 6. Bg5 e6 7. f4 Be7 8. Qf3 Qc7 9. 0-0-0 Nbd7 10. g4 b6 11. Bxf6 Nxf6 12. g5 Nd7 13. f5 Bxg5+ 14. Kb1 Ne5 15. Qh5 Qe7 16. fxe6 g6 17. exf7+ Nxf7 18. Qe2 Ne5 19. Nd5 Qd8 20. Qf2 Rf8 21. Qg3 Bh4 22. Qc3 Kf7 23. Nc7 Ra7 24. Qb3+ Ke7 25. Nce6 Qd7 26. Bh3 Rf6 27. Nf4 Qd8 28. Nd5+ Kf8 29. Bxc8 Qxc8 30. Nxf6 Bxf6 31. Qxb6 Qd7 32. Rhf1 Ke7 33. Qb3 Rb7 34. Qg8 Ng4 35. Qxh7+ Kd8 36. Nc6+ Kc8 37. Qg8+ Bd8 38. Nxd8 Qg7 39. Qe6+ Qd7 40. Rxd6 Qxe6 41. Nxe6 Rh7 42. Rf8+ Kb7 43. Nc5+ Kc7 44. Rxa6 Rxh2 45. Rf7+ Kb8 1-0

[Event "Moron Philidor CC 13th"]
[Site "Moron"]
[Date "2017.05.18"]
[Round "6.11"]
[White "Gonzalez, Domingo"]
[Black "Carrizo, Franco Nicolas"]
[Result "0-1"]
[WhiteElo "1729"]
[BlackElo "1826"]
[PlyCount "68"]
[EventDate "2017.05.09"]
[EventType "swiss"]
[EventRounds "7"]
[EventCountry "ARG"]
[SourceTitle "EXT 2024"]
[Source "ChessBase"]
[SourceDate "2023.10.10"]
[SourceVersion "1"]
[SourceVersionDate "2023.10.10"]
[SourceQuality "1"]

1. d4 d5 2. c4 e6 3. Nf3 Nf6 4. Bg5 Be7 5. Nc3 Nbd7 6. e3 0-0 7. Bd3 c5 8. 0-0 cxd4 9. Nxd4 Ne5 10. cxd5 exd5 11. Be2 Be6 12. Rc1 a6 13. f4 Nc4 14. f5 Bc8 15. b3 Nb6 16. Bf3 Ne4 17. Bf4 Nxc3 18. Rxc3 Bd6 19. Be2 g5 20. Bxd6 Qxd6 21. f6 Nd7 22. Nf5 Qxf6 23. Qxd5 Nb6 24. Qc5 Bxf5 25. Rxf5 Qe6 26. Rxg5+ Kh8 27. Qd4+ f6 28. Rc7 Rf7 29. Bg4 Qe8 30. Bf5 Nd5 31. Rxf7 Qxf7 32. Rg3 Rg8 33. Rh3 Rg7 34. e4 Nf4 0-1

[Event "Buenos Aires Perez Cup"]
[Site "Buenos Aires"]
[Date "2016.05.17"]
[Round "5"]
[White "Perez Wertheim, Rodolfo"]
[Black "Carrizo, Franco Nicolas"]
[Result "0-1"]
[WhiteElo "1951"]
[BlackElo "1815"]
[PlyCount "64"]
[EventDate "2016.05.10"]
[EventType "swiss"]
[EventRounds "7"]
[EventCountry "ARG"]
[SourceTitle "CBM 172 Extra"]
[Source "ChessBase"]
[SourceDate "2016.06.21"]
[SourceVersion "1"]
[SourceVersionDate "2016.06.21"]
[SourceQuality "1"]

1. d4 Nf6 2. Nf3 e6 3. Bf4 d5 4. e3 h6 5. Nbd2 Nbd7 6. Bd3 b6 7. 0-0 Bb7 8. Qe2 Ne4 9. Rad1 f5 10. Ne5 Nxe5 11. Bxe5 Nf6 12. f3 Be7 13. e4 fxe4 14. fxe4 0-0 15. Bxf6 Bxf6 16. e5 Bg5 17. Rxf8+ Qxf8 18. Qg4 Be3+ 19. Kh1 Qe8 20. Nf3 c5 21. c3 cxd4 22. cxd4 Rc8 23. Rf1 Rc1 24. Ne1 Bc8 25. Nc2 Rxf1+ 26. Bxf1 Bc1 27. b3 Qf7 28. Bd3 g5 29. g3 Qf2 30. Qh5 Qf7 31. Qxh6 Qf3+ 32. Kg1 Qxd3 0-1

[Event "Buenos Aires Perez Cup"]
[Site "Buenos Aires"]
[Date "2016.05.10"]
[Round "1"]
[White "Conde, Adrian"]
[Black "Carrizo, Franco Nicolas"]
[Result "1-0"]
[WhiteElo "2034"]
[BlackElo "1815"]
[PlyCount "41"]
[EventDate "2016.05.10"]
[EventType "swiss"]
[EventRounds "7"]
[EventCountry "ARG"]
[SourceTitle "CBM 172 Extra"]
[Source "ChessBase"]
[SourceDate "2016.06.21"]
[SourceVersion "1"]
[SourceVersionDate "2016.06.21"]
[SourceQuality "1"]

1. Nf3 c5 2. c4 g6 3. g3 Bg7 4. Bg2 Nc6 5. 0-0 Nf6 6. Nc3 0-0 7. d4 cxd4 8. Nxd4 a6 9. Nc2 d6 10. e4 Nd7 11. h3 Bxc3 12. bxc3 Na5 13. Bh6 Re8 14. Ne3 Nb6 15. Qd4 e5 16. Qd3 Be6 17. f4 Nbxc4 18. f5 Nxe3 19. fxe6 Nxf1 20. exf7+ Kxf7 21. Qd5+ 1-0

[Event "Buenos Aires U2200"]
[Site "Buenos Aires"]
[Date "2015.10.20"]
[Round "1.2"]
[White "Carrizo, Franco Nicolas"]
[Black "Font, Jorge"]
[Result "1/2-1/2"]
[WhiteElo "1764"]
[BlackElo "2083"]
[PlyCount "118"]
[EventDate "2015.10.20"]
[EventType "swiss"]
[EventRounds "7"]
[EventCountry "ARG"]
[SourceTitle "EXT 2024"]
[Source "ChessBase"]
[SourceDate "2023.10.10"]
[SourceVersion "1"]
[SourceVersionDate "2023.10.10"]
[SourceQuality "1"]

1. Nf3 Nf6 2. d4 g6 3. c4 Bg7 4. Nc3 d6 5. g3 0-0 6. Bg2 Nc6 7. 0-0 Bg4 8. h3 Bd7 9. e4 e5 10. dxe5 Nxe5 11. Nxe5 dxe5 12. Bg5 c6 13. Qe2 h6 14. Be3 b6 15. Rad1 Qc8 16. Kh2 Rd8 17. Rd2 Qc7 18. Rfd1 Be6 19. b3 Bf8 20. Qf3 Bg7 21. Rd3 Rxd3 22. Rxd3 Rd8 23. Qd1 Rxd3 24. Qxd3 Qd7 25. Bf1 Bf8 26. Qxd7 Nxd7 27. f3 f6 28. Na4 Kf7 29. Bd3 Nc5 30. Nxc5 bxc5 31. f4 g5 32. Be2 Bd6 33. f5 Bd7 34. Bh5+ Kf8 35. Kg2 Be8 36. Bd1 h5 37. Kf2 Ke7 38. Ke1 Kd7 39. Kd2 a5 40. Kc3 Kc7 41. Kb2 a4 42. Ka3 axb3 43. axb3 Kb7 44. Be2 Bf7 45. Ka4 Be7 46. Bd2 Kb6 47. Ba5+ Kb7 48. Bd2 Be8 49. Be3 Bd6 50. h4 g4 51. b4 Bf7 52. bxc5 Bf8 53. Kb4 Ka6 54. Bd1 Be8 55. Bc2 Bf7 56. Ba4 Be8 57. Bd2 Bd7 58. Bd1 Be8 59. Be3 Bf7 1/2-1/2

[Event "Villa Ballester Verano op 62nd"]
[Site "Villa Ballester"]
[Date "2012.01.19"]
[Round "1"]
[White "Carrizo, Franco Nicolas"]
[Black "Conde, Adrian"]
[Result "0-1"]
[WhiteElo "1621"]
[BlackElo "2062"]
[PlyCount "134"]
[EventDate "2012.01.19"]
[EventType "swiss"]
[EventRounds "9"]
[EventCountry "ARG"]
[SourceTitle "EXT 2013"]
[Source "ChessBase"]
[SourceDate "2012.11.22"]
[SourceVersion "1"]
[SourceVersionDate "2012.11.22"]
[SourceQuality "1"]

1. d4 Nf6 2. Nf3 e6 3. g3 b6 4. Bg2 Bb7 5. 0-0 Be7 6. b3 0-0 7. Bb2 d5 8. Nbd2 Nbd7 9. Rc1 c5 10. c4 Ne4 11. cxd5 exd5 12. Nxe4 dxe4 13. Nd2 Bg5 14. e3 Re8 15. Nc4 Qe7 16. dxc5 Nxc5 17. Qg4 Bc8 18. Qd1 Rd8 19. Qc2 Nd3 20. Ba3 Qe6 21. Rcd1 Ba6 22. Nd2 Rac8 23. Qb1 f5 24. h4 Bf6 25. b4 Rc3 26. Nb3 Rdc8 27. Bb2 Rxb3 28. axb3 Nxb2 29. Qa2 Bxf1 30. Rxf1 Qd7 31. Qa6 Nd3 32. f3 Rc2 33. fxe4 fxe4 34. Qa4 b5 35. Qa5 Bd8 36. Qa1 Bxh4 37. Qd1 Rc1 38. Qh5 Rxf1+ 39. Kxf1 Bxg3 40. Bxe4 Ne5 41. Qxh7+ Kf7 42. Qh5+ g6 43. Qh7+ Kf6 44. Qxd7 Nxd7 45. Bc6 Nb6 46. Bxb5 Bd6 47. Bc6 Bxb4 48. Ke2 Ke5 49. Kf3 Be7 50. Be8 g5 51. Bg6 Nd7 52. Bc2 Nf6 53. Bg6 Nd5 54. Bc2 Bc5 55. e4 Nf6 56. Bd3 g4+ 57. Kg3 Kd4 58. Be2 Bd6+ 59. Kh4 g3 60. Bf3 Nxe4 61. Kg4 Nd2 62. Bg2 Nxb3 63. Kh3 a5 64. Bc6 Kc5 65. Ba4 Nd4 66. Bd1 Nf5 67. Bb3 Ne3 0-1